Избранные сценарии советского кино. Т. 3 (Запись № 8383662)

Подробности
000 -МАРКЕР
контрольное поле 02198nam2a22003251 4500
001 - ИДЕНТИФИКАТОР ЗАПИСИ
контрольное поле rc\4047863
005 - ИДЕНТИФИКАТОР ВЕРСИИ
контрольное поле 20250610232549.0
010 ## - МЕЖДУНАРОДНЫЙ СТАНДАРТНЫЙ НОМЕР КНИГИ (ISBN)
Уточнения В пер.
Цена 25 р.
Тираж 15000
021 ## - НОМЕР ГОСУДАРСТВЕННОЙ РЕГИСТРАЦИИ
Код страны Российская Федерация
Номер [51-33433]
035 ## - ДРУГИЕ СИСТЕМНЫЕ НОМЕРА
Идентификатор записи (NLR Aleph) 007958380
100 ## - ДАННЫЕ ОБЩЕЙ ОБРАБОТКИ
Данные общей обработки 20130415d1951 |||y0rusy50 ca
101 0# - ЯЗЫК РЕСУРСА
Язык текста, звукозаписи и т.д. русский
102 ## - СТРАНА ПУБЛИКАЦИИ ИЛИ ПРОИЗВОДСТВА
Страна публикации Российская Федерация
105 ## - ПОЛЕ КОДИРОВАННЫХ ДАННЫХ: ТЕКСТОВЫЕ МАТЕРИАЛЫ, МОНОГРАФИЧЕСКИЕ
Кодированные данные о монографическом текстовом документе y z |||b|
200 0# - ЗАГЛАВИЕ И СВЕДЕНИЯ ОБ ОТВЕТСТВЕННОСТИ
Основное заглавие Т. 3
210 ## - ПУБЛИКАЦИЯ, РАСПРОСТРАНЕНИЕ И ДР.
Дата издания, распространения и т.д. 1951
Место издания, распространения и т.д. Б. м.
215 ## - ФИЗИЧЕСКАЯ ХАРАКТЕРИСТИКА
Специфическое обозначение материала и объем 612 с.
Размеры 23
327 0# - ПРИМЕЧАНИЯ О СОДЕРЖАНИИ
Текст примечания Содержание: Трактористы / Е. Помещиков. Учитель / С. Герасимов. Член Правительства / К. Виноградская [и др. сценарии]
461 #0 - УРОВЕНЬ НАБОРА
Встроенное поле 001rc\4047860
-- 2001#$aИзбранные сценарии советского кино$eв 6-ти томах$fред. коллегия: В. Кожевников [и др.]$vТ. 3
Системный номер (АБИС) связанной записи 8383646
Место публикации Москва
Дата публикации 1951
Издание [2-е изд., изм.]
Первые сведения об ответственности ред. коллегия: В. Кожевников [и др.]
Имя издателя, распространителя и т.д. Госкиноиздат
Сведения, относящиеся к заглавию в 6-ти томах
Заглавие Избранные сценарии советского кино
Номер тома Т. 3
464 #0 - АНАЛИТИЧЕСКИЙ УРОВЕНЬ
Встроенное поле 2001#$aТрактористы$fЕ. Помещиков
-- 700#1$3RU\NLR\AUTH\7789543$7ca$aПомещиков$bЕ. М.$f1907-1979$gЕвгений Михайлович
Заглавие Трактористы
Автор Помещиков, Евгений Михайлович (1907-1979)
464 #0 - АНАЛИТИЧЕСКИЙ УРОВЕНЬ
Встроенное поле 2001#$aУчитель$fС. Герасимов
-- 700#1$3RU\NLR\AUTH\7756349$7ca$aГерасимов$bС. А.$cкинорежиссер$f1906-1985$gСергей Аполлинариевич
Заглавие Учитель
Автор Герасимов, Сергей Аполлинариевич (кинорежиссер ; 1906-1985)
464 #0 - АНАЛИТИЧЕСКИЙ УРОВЕНЬ
Встроенное поле 2001#$aЧлен Правительства$fК. Виноградская
-- 700#1$aВиноградская$bК. Н.$f1905-1973$gКатерина Николаевна
Заглавие Член Правительства
Автор Виноградская, Катерина Николаевна (1905-1973)
801 #0 - ИСТОЧНИК ЗАПИСИ
Страна Российская Федерация
Организация NLR
Дата составления 20130415
Правила каталогизации psbo
801 #1 - ИСТОЧНИК ЗАПИСИ
Страна Российская Федерация
Организация ELAR
Дата составления 20130415
Источник данных rusmarc
801 #2 - ИСТОЧНИК ЗАПИСИ
Страна Российская Федерация
Организация NLR
Дата составления 20150420
Источник данных rusmarc
852 ## - МЕСТОНАХОЖДЕНИЕ И ШИФР ХРАНЕНИЯ
Идентификатор организации NLR
Шифр хранения (Call Number) Ис70 Г-5/70(3)
942 ## - ДОПОЛНИТЕЛЬНЫЕ ЭЛЕМЕНТЫ ЗАПИСИ (АБИС)
Тип экземпляра АБИС Книга
980 ## - КОЛЛЕКЦИЯ
Название коллекции Национальная библиография
Экземпляры
Тип экземпляра Дата поступления Библиотека постоянного хранения Библиотека текущего хранения Место хранения Шифр хранения Штрих-код Статус экземпляра
Книга 26.10.2013 РНБ (Садовая) РНБ (Садовая) Русский книжный фонд -Главное здание, Ленинский читальный зал Ис70 Г-5/70(3) 1-4716521